| 000 | 01171nam a2200277 a 4500 | ||
|---|---|---|---|
| 001 | 000044992 | ||
| 003 | DO-SdBNP | ||
| 005 | 20231128103406.0 | ||
| 007 | 000044992 | ||
| 008 | 150128s2008 dr a 000 0 spa d | ||
| 020 | _a9789945442540 | ||
| 040 |
_aBPMSU _bspa _cBPMSU |
||
| 082 | 4 |
_aA863.08 _bC965a 2008 _222 |
|
| 092 |
_a _b |
||
| 245 | 0 | 0 |
_aCuentos de animales fantásticos para niños / _cedición ; Rosanela Álvarez. |
| 260 |
_aSanto Domingo : _bEditora Taller, _c2008 |
||
| 300 |
_a106 p. : _bil. ; _c22 cm. |
||
| 490 | 0 | _aCoedición latinoamericana | |
| 505 | 0 |
_tLa Boitatá (Brasil) -- _tEl hombre caimán (Colombia) -- _tLas guacamayas (Ecuador) -- _tEl caballito de sieto colores (Guatemala) -- _tEl murciélago (México) -- _tEl lagarto de oro (Nicaragua) -- _tEl Amaru (Perú) -- _tEl pájaro Inriri, fabricante de mujeres (Puerto Rico) -- _tLa novia del pececito (República Dominicana) -- _tBlanca y el Salvaje (Venezuela). |
|
| 590 | _aInventariado, 2023/VM | ||
| 650 | 4 | _aCuentos intantiles latinoamericanos | |
| 650 | 4 | _aLiteratura latinoamericana | |
| 700 | 1 |
_aÁlvarez, Rosanela _eed. |
|
| 910 | _aVMateo V./Control de calidad. BPMSU | ||
| 942 |
_2ddc _cBK |
||
| 999 |
_c7282 _d7282 |
||